<?xml version="1.0" encoding="UTF-8"?><?xml-stylesheet type="text/xsl" href="static/style.xsl"?><OAI-PMH xmlns="http://www.openarchives.org/OAI/2.0/" xmlns:xsi="http://www.w3.org/2001/XMLSchema-instance" xsi:schemaLocation="http://www.openarchives.org/OAI/2.0/ http://www.openarchives.org/OAI/2.0/OAI-PMH.xsd"><responseDate>2026-04-18T04:28:07Z</responseDate><request verb="GetRecord" identifier="oai:www.recercat.cat:2072/419306" metadataPrefix="marc">https://recercat.cat/oai/request</request><GetRecord><record><header><identifier>oai:recercat.cat:2072/419306</identifier><datestamp>2024-10-29T16:23:14Z</datestamp><setSpec>com_2072_98</setSpec><setSpec>col_2072_378196</setSpec></header><metadata><record xmlns="http://www.loc.gov/MARC21/slim" xmlns:dcterms="http://purl.org/dc/terms/" xmlns:xsi="http://www.w3.org/2001/XMLSchema-instance" xmlns:doc="http://www.lyncode.com/xoai" xsi:schemaLocation="http://www.loc.gov/MARC21/slim http://www.loc.gov/standards/marcxml/schema/MARC21slim.xsd">
   <leader>00925njm 22002777a 4500</leader>
   <datafield ind2=" " ind1=" " tag="042">
      <subfield code="a">dc</subfield>
   </datafield>
   <datafield ind2=" " ind1=" " tag="720">
      <subfield code="a">Bartolomé Martínez, Cristina</subfield>
      <subfield code="e">author</subfield>
   </datafield>
   <datafield ind2=" " ind1=" " tag="720">
      <subfield code="a">Universitat Autònoma de Barcelona. Facultat de Filosofia i Lletres</subfield>
      <subfield code="e">author</subfield>
   </datafield>
   <datafield ind2=" " ind1=" " tag="260">
      <subfield code="c">2008</subfield>
   </datafield>
   <datafield ind2=" " ind1=" " tag="520">
      <subfield code="a">Nuestro trabajo pretende abrir una nueva línea de análisis de la novela de Juan Rulfo Pedro Páramo que explore el arquetipo de la muerte que se esconde en el recorrido que realiza el protagonista de la novela, Juan Preciado, por el fantasmal pueblo de Comala, a través del mito nahua que narra el viaje del alma desencarnada al inframundo, al Mictlán</subfield>
   </datafield>
   <datafield ind2=" " ind1=" " tag="520">
      <subfield code="a">El nostre treball vol obrir una nova línea d'anàlisi de la novela de Juan Rulfo Pedro Páramo que explori l'arquetip de la mort que s'amaga en el recorregut que realitza el protagonista de la novel·la, Juan Preciado, per fantasmal poble de Comala, a través del mite nahua que narra el viatje de l'ànima fora del cos cap al món dels morts, el Mictlán.</subfield>
   </datafield>
   <datafield tag="653" ind2=" " ind1=" ">
      <subfield code="a">Rulfo, Juan. Pedro Páramo</subfield>
   </datafield>
   <datafield ind2="0" ind1="0" tag="245">
      <subfield code="a">El largo viaje de Juan Preciado : propuesta de lectura de la novela Pedro Páramo desde la mitología nahua</subfield>
   </datafield>
</record></metadata></record></GetRecord></OAI-PMH>